000 00456cam a2200181ua 4500
001 2486
008 200819n ii |||gr||||Z||||||asm
040 _cMAIN
082 _a398.09145
100 _aSharma, Mrigen,
245 _aAsamiya sanskritir sambhar
_cby Mrigen Sharma
250 _a1st.
260 _aGuahati:
_bSecretary publication board assam,
_c2008.
300 _a334p:
_c23cm.
653 _aFolklore
653 _aAssamese Culture
942 _cBK
999 _c2341
_d2341